| 000 | 00989cab a2200253 4500 | ||
|---|---|---|---|
| 001 | WB3025-41 | ||
| 008 | 090401t1994 xxu||||| |||| 00| 0 eng d | ||
| 035 | _a(Sirsi) u29130 | ||
| 041 | _aeng | ||
| 245 | _aPlanning obligations and publicity | ||
| 260 | _c1994 | ||
| 350 | _a0 | ||
| 490 |
_aEstates Gazette _v(9425) 25 June 1994, 147(1) |
||
| 520 | _aIn spite of guidance in DoE Circular 16/91 that planning authorities should assist those wanting to identify planning obligations, the decision in "Daniel Davies & Co v Southwark LBC" was that there was no requirement for objecting solicitors to be informed of the terms of a s106 agreement, where the control of use was involved. | ||
| 650 | _aPLANNING AGREEMENTS | ||
| 650 | _aPLANNING GAIN | ||
| 650 | _aPLANNING OBLIGATIONS | ||
| 650 | _aPUBLICITY | ||
| 650 | _aTOWN AND COUNTRY PLANNING ACT 1990 S106 | ||
| 650 | _aSOUTH BANK UNIVERSITY | ||
| 690 | _aPLANNING LAW AND PRACTICE | ||
| 942 | _n0 | ||
| 948 | _c04/03/1997 | ||
| 999 |
_c19611 _d19611 |
||